[Event "DVM U20w 2023"]
[Site "Magdeburg GER"]
[Date "2023.12.28"]
[Round "3"]
[White "Gyácsok, Dzvinka"]
[Black "Pollerberg, Amélie"]
[Result "0-1"]
[Termination "normal"]
[Board "8.2"]
[WhiteElo "1565"]
[BlackElo "1576"]
[WhiteClock "00:08:04"]
[BlackClock "00:13:50"]
[WhiteTeam "SF Birkenfeld"]
[BlackTeam "SV Erkenschwick 1923"]
[PlyCount "52"]
[WhiteFideId "16298292"]
[BlackFideId "34620788"]
[EventCountry "GER"]
[EventRounds "7"]
[EventType "team-swiss"]
[EventDate "2023.12.26"]

1. e4 {[%clk 01:30:57]} {[%emt 00:00:02]} c5 {[%clk 01:30:54]} {[%emt
00:00:07]} 2. Nf3 {[%clk 01:31:20]} {[%emt 00:00:08]} Nc6 {[%clk 01:31:18]}
{[%emt 00:00:05]} 3. Nc3 {[%clk 01:31:35]} {[%emt 00:00:16]} Nf6 {[%clk
01:29:38]} {[%emt 00:02:11]} 4. d4 {[%clk 01:28:33]} {[%emt 00:03:30]} cxd4
{[%clk 01:29:59]} {[%emt 00:00:08]} 5. Nxd4 {[%clk 01:28:56]} {[%emt 00:00:08]}
e5 {[%clk 01:30:21]} {[%emt 00:00:08]} 6. Nf5 {[%clk 01:28:22]} {[%emt
00:01:04]} d6 {[%clk 01:28:33]} {[%emt 00:02:18]} 7. Bg5 {[%clk 01:23:13]}
{[%emt 00:05:39]} h6 {[%clk 01:08:57]} {[%emt 00:20:06]} 8. Bxf6 {[%clk
01:13:31]} {[%emt 00:10:12]} Qxf6 {[%clk 01:02:58]} {[%emt 00:06:30]} 9. Nb5
{[%clk 01:06:15]} {[%emt 00:07:45]} Bxf5 {[%clk 00:59:18]} {[%emt 00:04:10]}
10. exf5 {[%clk 01:03:58]} {[%emt 00:02:47]} O-O-O {[%clk 00:48:18]} {[%emt
00:11:31]} 11. Bd3 {[%clk 00:58:23]} {[%emt 00:06:05]} d5 {[%clk 00:46:23]}
{[%emt 00:02:24]} 12. Be2 {[%clk 00:49:54]} {[%emt 00:08:59]} Kb8 {[%clk
00:44:53]} {[%emt 00:01:59]} 13. g4 {[%clk 00:42:53]} {[%emt 00:07:31]} Bc5
{[%clk 00:43:01]} {[%emt 00:02:21]} 14. O-O {[%clk 00:32:10]} {[%emt 00:11:13]}
e4 {[%clk 00:37:57]} {[%emt 00:05:34]} 15. Nc3 {[%clk 00:25:45]} {[%emt
00:06:55]} Qh4 {[%clk 00:33:26]} {[%emt 00:05:02]} 16. Kg2 {[%clk 00:21:30]}
{[%emt 00:04:45]} h5 {[%clk 00:18:27]} {[%emt 00:15:30]} 17. gxh5 {[%clk
00:18:16]} {[%emt 00:03:42]} Qg5+ {[%clk 00:18:05]} {[%emt 00:00:52]} 18. Bg4
{[%clk 00:16:49]} {[%emt 00:01:57]} Ne5 {[%clk 00:15:34]} {[%emt 00:03:01]} 19.
h3 {[%clk 00:14:48]} {[%emt 00:02:32]} Rxh5 {[%clk 00:15:20]} {[%emt 00:00:43]}
20. Rh1 {[%clk 00:13:30]} {[%emt 00:01:47]} Rh4 {[%clk 00:14:41]} {[%emt
00:01:10]} 21. Kf1 {[%clk 00:10:41]} {[%emt 00:03:18]} Nxg4 {[%clk 00:14:27]}
{[%emt 00:00:45]} 22. Rg1 {[%clk 00:09:52]} {[%emt 00:01:19]} Nh2+ {[%clk
00:13:37]} {[%emt 00:01:20]} 23. Ke2 {[%clk 00:09:31]} {[%emt 00:00:51]} Qf4
{[%clk 00:13:57]} {[%emt 00:00:09]} 24. Rg2 {[%clk 00:08:33]} {[%emt 00:01:28]}
Qf3+ {[%clk 00:13:33]} {[%emt 00:00:54]} 25. Ke1 {[%clk 00:08:15]} {[%emt
00:00:48]} Qxg2 {[%clk 00:13:50]} {[%emt 00:00:13]} 26. Qd2 {[%clk 00:08:04]}
{[%emt 00:00:41]} Qf1# {[%emt 00:00:29]} 0-1

[Event "DVM U20w 2023"]
[Site "Magdeburg GER"]
[Date "2023.12.28"]
[Round "3"]
[White "Sokyrko, Sofiia"]
[Black "Klahold, Rona"]
[Result "0-1"]
[Termination "normal"]
[Board "9.1"]
[WhiteElo "1456"]
[BlackElo "1603"]
[WhiteClock "00:19:03"]
[BlackClock "00:28:13"]
[WhiteTeam "SC Strateg Stuttgart"]
[BlackTeam "SC Porta Westfalica 1950"]
[PlyCount "122"]
[WhiteFideId "34165711"]
[BlackFideId "16222970"]
[EventCountry "GER"]
[EventRounds "7"]
[EventType "team-swiss"]
[EventDate "2023.12.26"]

1. e4 {[%clk 01:30:42]} {[%emt 00:00:17]} e5 {[%clk 01:30:38]} {[%emt
00:00:22]} 2. Nf3 {[%clk 01:30:45]} {[%emt 00:00:28]} Nc6 {[%clk 01:30:28]}
{[%emt 00:00:40]} 3. d4 {[%clk 01:30:11]} {[%emt 00:01:05]} exd4 {[%clk
01:29:47]} {[%emt 00:01:11]} 4. Bc4 {[%clk 01:29:44]} {[%emt 00:00:56]} Bc5
{[%clk 01:28:43]} {[%emt 00:01:34]} 5. c3 {[%clk 01:28:43]} {[%emt 00:01:31]}
Nf6 {[%clk 01:27:50]} {[%emt 00:01:23]} 6. e5 {[%clk 01:27:27]} {[%emt
00:01:45]} d5 {[%clk 01:26:54]} {[%emt 00:01:26]} 7. Bb5 {[%clk 01:26:39]}
{[%emt 00:01:20]} Ne4 {[%clk 01:25:31]} {[%emt 00:01:53]} 8. cxd4 {[%clk
01:25:43]} {[%emt 00:01:25]} Bb6 {[%clk 01:22:33]} {[%emt 00:03:28]} 9. Qc2
{[%clk 01:15:01]} {[%emt 00:11:13]} Bd7 {[%clk 01:21:20]} {[%emt 00:01:42]} 10.
Bxc6 {[%clk 01:07:13]} {[%emt 00:08:18]} Bxc6 {[%clk 01:15:27]} {[%emt
00:06:24]} 11. O-O {[%clk 01:05:26]} {[%emt 00:02:15]} O-O {[%clk 01:13:16]}
{[%emt 00:02:42]} 12. Rd1 {[%clk 00:54:25]} {[%emt 00:11:30]} f6 {[%clk
01:05:40]} {[%emt 00:08:06]} 13. Nc3 {[%clk 00:51:05]} {[%emt 00:03:51]} Qe7
{[%clk 00:49:06]} {[%emt 00:17:04]} 14. Qb3 {[%clk 00:46:33]} {[%emt 00:05:03]}
Qf7 {[%clk 00:38:36]} {[%emt 00:11:00]} 15. e6 {[%clk 00:42:32]} {[%emt
00:04:30]} Qxe6 {[%clk 00:36:23]} {[%emt 00:02:43]} 16. Re1 {[%clk 00:41:54]}
{[%emt 00:01:07]} Qf7 {[%clk 00:36:20]} {[%emt 00:00:34]} 17. Nd2 {[%clk
00:39:43]} {[%emt 00:02:41]} Nxd2 {[%clk 00:35:35]} {[%emt 00:01:16]} 18. Bxd2
{[%clk 00:40:02]} {[%emt 00:00:10]} Bxd4 {[%clk 00:35:40]} {[%emt 00:00:26]}
19. Qb4 {[%clk 00:37:35]} {[%emt 00:02:56]} Bb6 {[%clk 00:35:06]} {[%emt
00:01:05]} 20. Re7 {[%clk 00:37:23]} {[%emt 00:00:42]} Qg6 {[%clk 00:34:58]}
{[%emt 00:00:39]} 21. Ne2 {[%clk 00:35:56]} {[%emt 00:01:57]} Rfe8 {[%clk
00:28:57]} {[%emt 00:06:31]} 22. Nf4 {[%clk 00:35:51]} {[%emt 00:00:34]} Qf5
{[%clk 00:27:16]} {[%emt 00:02:11]} 23. Rae1 {[%clk 00:34:31]} {[%emt
00:01:50]} Rxe7 {[%clk 00:25:19]} {[%emt 00:02:27]} 24. Rxe7 {[%clk 00:34:15]}
{[%emt 00:00:46]} g5 {[%clk 00:22:36]} {[%emt 00:03:14]} 25. Nh3 {[%clk
00:25:48]} {[%emt 00:08:56]} Bd7 {[%clk 00:17:20]} {[%emt 00:05:47]} 26. Qc3
{[%clk 00:21:18]} {[%emt 00:04:59]} Re8 {[%clk 00:15:07]} {[%emt 00:02:43]} 27.
Rxe8+ {[%clk 00:12:36]} {[%emt 00:09:12]} Bxe8 {[%clk 00:15:34]} {[%emt
00:00:03]} 28. Qc1 {[%clk 00:12:21]} {[%emt 00:00:46]} Bg6 {[%clk 00:14:25]}
{[%emt 00:01:38]} 29. a4 {[%clk 00:09:50]} {[%emt 00:03:02]} Qb1 {[%clk
00:13:04]} {[%emt 00:01:50]} 30. Qxb1 {[%clk 00:09:02]} {[%emt 00:01:18]} Bxb1
{[%clk 00:13:32]} {[%emt 00:00:02]} 31. Kf1 {[%clk 00:09:18]} {[%emt 00:00:13]}
a5 {[%clk 00:12:58]} {[%emt 00:01:03]} 32. f4 {[%clk 00:09:41]} {[%emt
00:00:07]} h6 {[%clk 00:11:53]} {[%emt 00:01:36]} 33. Nf2 {[%clk 00:08:39]}
{[%emt 00:01:32]} Bc2 {[%clk 00:11:10]} {[%emt 00:01:13]} 34. fxg5 {[%clk
00:07:20]} {[%emt 00:01:50]} fxg5 {[%clk 00:11:06]} {[%emt 00:00:34]} 35. Ng4
{[%clk 00:07:42]} {[%emt 00:00:08]} Kg7 {[%clk 00:10:17]} {[%emt 00:01:19]} 36.
Ne5 {[%clk 00:08:01]} {[%emt 00:00:11]} Bxa4 {[%clk 00:09:49]} {[%emt
00:00:59]} 37. Nf3 {[%clk 00:05:49]} {[%emt 00:02:42]} c5 {[%clk 00:08:57]}
{[%emt 00:01:21]} 38. Ne5 {[%clk 00:05:33]} {[%emt 00:00:46]} Bc7 {[%clk
00:08:13]} {[%emt 00:01:14]} 39. Ng4 {[%clk 00:04:37]} {[%emt 00:01:26]} b5
{[%clk 00:07:12]} {[%emt 00:01:32]} 40. Ne3 {[%clk 00:04:04]} {[%emt 00:01:03]}
d4 {[%clk 00:05:20]} {[%emt 00:02:21]} 41. Nf5+ {[%clk 00:03:14]} {[%emt
00:01:21]} Kh7 {[%clk 00:30:18]} {[%emt 00:05:31]} 42. Ne7 {[%clk 00:33:16]}
{[%emt 00:00:27]} b4 {[%clk 00:29:16]} {[%emt 00:01:33]} 43. g3 {[%clk
00:30:11]} {[%emt 00:03:35]} c4 {[%clk 00:28:44]} {[%emt 00:01:02]} 44. Nd5
{[%clk 00:29:34]} {[%emt 00:01:07]} c3 {[%clk 00:28:36]} {[%emt 00:00:39]} 45.
bxc3 {[%clk 00:27:58]} {[%emt 00:02:06]} dxc3 {[%clk 00:28:18]} {[%emt
00:00:48]} 46. Nxc3 {[%clk 00:25:26]} {[%emt 00:03:01]} bxc3 {[%clk 00:28:21]}
{[%emt 00:00:27]} 47. Bxc3 {[%clk 00:25:52]} {[%emt 00:00:05]} Bb3 {[%clk
00:28:31]} {[%emt 00:00:19]} 48. Ke2 {[%clk 00:24:36]} {[%emt 00:01:46]} a4
{[%clk 00:28:07]} {[%emt 00:00:55]} 49. Bb4 {[%clk 00:24:21]} {[%emt 00:00:44]}
Kg6 {[%clk 00:28:19]} {[%emt 00:00:17]} 50. Kf2 {[%clk 00:23:29]} {[%emt
00:01:23]} Kf5 {[%clk 00:28:34]} {[%emt 00:00:16]} 51. h3 {[%clk 00:23:15]}
{[%emt 00:00:44]} h5 {[%clk 00:27:44]} {[%emt 00:01:20]} 52. Ba3 {[%clk
00:21:42]} {[%emt 00:02:03]} Ke4 {[%clk 00:26:31]} {[%emt 00:01:42]} 53. h4
{[%clk 00:20:06]} {[%emt 00:02:07]} g4 {[%clk 00:26:35]} {[%emt 00:00:26]} 54.
Kg2 {[%clk 00:19:54]} {[%emt 00:00:41]} Ke3 {[%clk 00:26:33]} {[%emt 00:00:33]}
55. Bc5+ {[%clk 00:19:54]} {[%emt 00:00:31]} Ke2 {[%clk 00:26:48]} {[%emt
00:00:15]} 56. Ba3 {[%clk 00:19:52]} {[%emt 00:00:32]} Bd5 {[%clk 00:26:59]}
{[%emt 00:00:18]} 57. Kh2 {[%clk 00:20:09]} {[%emt 00:00:12]} Kf3 {[%clk
00:27:06]} {[%emt 00:00:24]} 58. Be7 {[%clk 00:18:27]} {[%emt 00:02:11]} Bxg3+
{[%clk 00:27:21]} {[%emt 00:00:16]} 59. Kg1 {[%clk 00:18:51]} {[%emt 00:00:06]}
Bf2+ {[%clk 00:27:37]} {[%emt 00:00:14]} 60. Kh2 {[%clk 00:18:46]} {[%emt
00:00:34]} g3+ {[%clk 00:27:52]} {[%emt 00:00:17]} 61. Kh3 {[%clk 00:19:03]}
{[%emt 00:00:13]} Be6 {[%clk 00:28:13]} {[%emt 00:00:09]} 0-1

[Event "DVM U20w 2023"]
[Site "Magdeburg GER"]
[Date "2023.12.28"]
[Round "3"]
[White "Duchstein, Anna"]
[Black "Korshak, Sofiia"]
[Result "1-0"]
[Termination "normal"]
[Board "9.2"]
[WhiteElo "1536"]
[BlackElo "1435"]
[WhiteClock "00:06:49"]
[BlackClock "00:03:41"]
[WhiteTeam "SC Porta Westfalica 1950"]
[BlackTeam "SC Strateg Stuttgart"]
[PlyCount "119"]
[WhiteFideId "16261372"]
[BlackFideId "34176403"]
[EventCountry "GER"]
[EventRounds "7"]
[EventType "team-swiss"]
[EventDate "2023.12.26"]

1. e4 {[%clk 01:30:56]} {[%emt 00:00:04]} e5 {[%clk 01:30:55]} {[%emt
00:00:06]} 2. Nf3 {[%clk 01:31:21]} {[%emt 00:00:04]} d5 {[%clk 01:30:51]}
{[%emt 00:00:34]} 3. Nc3 {[%clk 01:29:39]} {[%emt 00:02:12]} dxe4 {[%clk
01:30:22]} {[%emt 00:00:57]} 4. Nxe4 {[%clk 01:29:46]} {[%emt 00:00:25]} f5
{[%clk 01:30:20]} {[%emt 00:00:33]} 5. Nc3 {[%clk 01:24:34]} {[%emt 00:05:43]}
e4 {[%clk 01:30:22]} {[%emt 00:00:28]} 6. Ne5 {[%clk 01:20:38]} {[%emt
00:04:25]} Qd4 {[%clk 01:25:46]} {[%emt 00:05:06]} 7. Qh5+ {[%clk 01:17:20]}
{[%emt 00:03:45]} g6 {[%clk 01:25:36]} {[%emt 00:00:42]} 8. Nxg6 {[%clk
01:17:25]} {[%emt 00:00:26]} hxg6 {[%clk 01:25:43]} {[%emt 00:00:21]} 9. Qxg6+
{[%clk 01:17:50]} {[%emt 00:00:06]} Kd8 {[%clk 01:25:45]} {[%emt 00:00:29]} 10.
d3 {[%clk 01:06:53]} {[%emt 00:11:26]} Bb4 {[%clk 01:21:23]} {[%emt 00:04:52]}
11. Bd2 {[%clk 01:05:32]} {[%emt 00:01:51]} Ne7 {[%clk 01:18:56]} {[%emt
00:02:57]} 12. Qf7 {[%clk 01:02:59]} {[%emt 00:02:53]} Re8 {[%clk 01:10:24]}
{[%emt 00:09:12]} 13. O-O-O {[%clk 00:59:27]} {[%emt 00:04:02]} Bd7 {[%clk
01:06:18]} {[%emt 00:04:36]} 14. dxe4 {[%clk 00:57:53]} {[%emt 00:02:04]} Kc8
{[%clk 00:45:13]} {[%emt 00:21:36]} 15. Be3 {[%clk 00:53:52]} {[%emt 00:04:31]}
Qe5 {[%clk 00:44:23]} {[%emt 00:01:20]} 16. Bd4 {[%clk 00:43:43]} {[%emt
00:10:40]} Qd6 {[%clk 00:35:04]} {[%emt 00:09:48]} 17. e5 {[%clk 00:39:39]}
{[%emt 00:04:34]} Qh6+ {[%clk 00:32:52]} {[%emt 00:02:44]} 18. Kb1 {[%clk
00:38:53]} {[%emt 00:01:16]} Rf8 {[%clk 00:27:47]} {[%emt 00:05:34]} 19. Qc4
{[%clk 00:37:39]} {[%emt 00:01:43]} Bxc3 {[%clk 00:27:54]} {[%emt 00:00:22]}
20. Bxc3 {[%clk 00:36:37]} {[%emt 00:01:34]} Be6 {[%clk 00:25:56]} {[%emt
00:02:29]} 21. Qc5 {[%clk 00:33:42]} {[%emt 00:03:21]} Nec6 {[%clk 00:25:05]}
{[%emt 00:01:24]} 22. Bd3 {[%clk 00:31:22]} {[%emt 00:02:49]} Nd7 {[%clk
00:25:10]} {[%emt 00:00:27]} 23. Qa3 {[%clk 00:28:26]} {[%emt 00:03:25]} a6
{[%clk 00:24:49]} {[%emt 00:00:51]} 24. Bd2 {[%clk 00:27:20]} {[%emt 00:01:37]}
Qg7 {[%clk 00:25:01]} {[%emt 00:00:17]} 25. f4 {[%clk 00:24:32]} {[%emt
00:03:17]} Qxg2 {[%clk 00:21:15]} {[%emt 00:04:16]} 26. h4 {[%clk 00:22:40]}
{[%emt 00:02:23]} Rh8 {[%clk 00:20:29]} {[%emt 00:01:16]} 27. h5 {[%clk
00:18:50]} {[%emt 00:04:21]} b5 {[%clk 00:14:57]} {[%emt 00:06:01]} 28. Bxb5
{[%clk 00:18:06]} {[%emt 00:01:14]} Nd4 {[%clk 00:13:07]} {[%emt 00:02:21]} 29.
Bxd7+ {[%clk 00:16:11]} {[%emt 00:02:25]} Bxd7 {[%clk 00:13:25]} {[%emt
00:00:10]} 30. Qe3 {[%clk 00:15:46]} {[%emt 00:00:47]} Ne6 {[%clk 00:13:28]}
{[%emt 00:00:36]} 31. h6 {[%clk 00:14:28]} {[%emt 00:01:48]} Qc6 {[%clk
00:12:50]} {[%emt 00:01:09]} 32. Rdg1 {[%clk 00:13:28]} {[%emt 00:01:28]} Nc5
{[%clk 00:12:27]} {[%emt 00:00:54]} 33. h7 {[%clk 00:12:39]} {[%emt 00:01:18]}
Be6 {[%clk 00:12:40]} {[%emt 00:00:19]} 34. Bb4 {[%clk 00:10:05]} {[%emt
00:03:04]} Nd7 {[%clk 00:10:33]} {[%emt 00:02:37]} 35. Qd3 {[%clk 00:07:41]}
{[%emt 00:02:46]} Bd5 {[%clk 00:09:26]} {[%emt 00:01:45]} 36. Rh2 {[%clk
00:05:32]} {[%emt 00:02:38]} Kb7 {[%clk 00:09:34]} {[%emt 00:00:23]} 37. Bc3
{[%clk 00:05:14]} {[%emt 00:00:47]} Be4 {[%clk 00:08:30]} {[%emt 00:01:34]} 38.
Qd2 {[%clk 00:04:48]} {[%emt 00:00:55]} Nc5 {[%clk 00:07:54]} {[%emt 00:01:07]}
39. e6 {[%clk 00:04:32]} {[%emt 00:00:46]} Rhd8 {[%clk 00:05:51]} {[%emt
00:02:32]} 40. Qe3 {[%clk 00:02:03]} {[%emt 00:02:56]} Nxe6 {[%clk 00:00:44]}
{[%emt 00:05:41]} 41. h8=Q {[%clk 00:01:33]} {[%emt 00:00:59]} Rxh8 {[%clk
00:01:01]} {[%emt 00:00:13]} 42. Bxh8 {[%clk 00:01:43]} {[%emt 00:00:20]} Rb8
{[%clk 00:29:52]} {[%emt 00:01:40]} 43. Be5 {[%clk 00:29:21]} {[%emt 00:02:51]}
Ka8 {[%clk 00:29:07]} {[%emt 00:01:16]} 44. Qa3 {[%clk 00:27:57]} {[%emt
00:01:55]} Qb6 {[%clk 00:26:29]} {[%emt 00:03:07]} 45. Rd1 {[%clk 00:25:27]}
{[%emt 00:02:53]} Rb7 {[%clk 00:24:22]} {[%emt 00:02:44]} 46. Rh3 {[%clk
00:22:39]} {[%emt 00:03:15]} Qc6 {[%clk 00:19:13]} {[%emt 00:05:43]} 47. Rc3
{[%clk 00:21:22]} {[%emt 00:01:46]} Qb5 {[%clk 00:18:39]} {[%emt 00:01:04]} 48.
Rb3 {[%clk 00:18:00]} {[%emt 00:03:51]} Qe2 {[%clk 00:16:54]} {[%emt 00:02:16]}
49. Rc1 {[%clk 00:18:11]} {[%emt 00:00:20]} Qc4 {[%clk 00:08:38]} {[%emt
00:08:45]} 50. Rc3 {[%clk 00:16:57]} {[%emt 00:01:43]} Qe2 {[%clk 00:08:27]}
{[%emt 00:00:42]} 51. Qa4 {[%clk 00:16:06]} {[%emt 00:01:21]} Ka7 {[%clk
00:07:44]} {[%emt 00:01:14]} 52. Bd4+ {[%clk 00:14:53]} {[%emt 00:01:42]} Ka8
{[%clk 00:06:24]} {[%emt 00:01:50]} 53. Be5 {[%clk 00:11:03]} {[%emt 00:04:21]}
c6 {[%clk 00:05:03]} {[%emt 00:01:51]} 54. Qa3 {[%clk 00:09:29]} {[%emt
00:02:03]} Bd5 {[%clk 00:04:52]} {[%emt 00:00:42]} 55. Rd3 {[%clk 00:07:56]}
{[%emt 00:02:01]} Bc4 {[%clk 00:03:46]} {[%emt 00:01:38]} 56. Rd6 {[%clk
00:07:23]} {[%emt 00:01:02]} Bd5 {[%clk 00:03:37]} {[%emt 00:00:39]} 57. Rxe6
{[%clk 00:06:25]} {[%emt 00:01:28]} Bxe6 {[%clk 00:03:32]} {[%emt 00:00:35]}
58. Qf8+ {[%clk 00:06:47]} {[%emt 00:00:09]} Ka7 {[%clk 00:03:51]} {[%emt
00:00:11]} 59. Bd4+ {[%clk 00:06:59]} {[%emt 00:00:15]} Rb6 {[%clk 00:03:41]}
{[%emt 00:00:43]} 60. Qg7+ {[%clk 00:06:49]} {[%emt 00:00:36]} 1-0

[Event "DVM U20w 2023"]
[Site "Magdeburg GER"]
[Date "2023.12.28"]
[Round "3"]
[White "Bilogolovko, Anna"]
[Black "Dieckmann, Luna"]
[Result "1-0"]
[Termination "normal"]
[Board "9.3"]
[WhiteElo "1455"]
[BlackElo "1174"]
[WhiteClock "01:14:41"]
[BlackClock "00:30:36"]
[WhiteTeam "SC Strateg Stuttgart"]
[BlackTeam "SC Porta Westfalica 1950"]
[PlyCount "75"]
[WhiteFideId "34163085"]
[BlackFideId "34607455"]
[EventCountry "GER"]
[EventRounds "7"]
[EventType "team-swiss"]
[EventDate "2023.12.26"]

1. e4 {[%clk 01:30:56]} {[%emt 00:00:03]} c5 {[%clk 01:30:53]} {[%emt
00:00:06]} 2. Nf3 {[%clk 01:31:20]} {[%emt 00:00:06]} d6 {[%clk 01:31:15]}
{[%emt 00:00:07]} 3. Nc3 {[%clk 01:31:30]} {[%emt 00:00:22]} Nf6 {[%clk
01:31:19]} {[%emt 00:00:24]} 4. Bc4 {[%clk 01:31:18]} {[%emt 00:00:43]} g6
{[%clk 01:31:28]} {[%emt 00:00:21]} 5. d3 {[%clk 01:31:37]} {[%emt 00:00:11]}
Bg7 {[%clk 01:31:39]} {[%emt 00:00:19]} 6. Bg5 {[%clk 01:31:00]} {[%emt
00:01:07]} O-O {[%clk 01:31:47]} {[%emt 00:00:21]} 7. Qd2 {[%clk 01:31:15]}
{[%emt 00:00:16]} Nc6 {[%clk 01:30:41]} {[%emt 00:01:36]} 8. Bh6 {[%clk
01:30:57]} {[%emt 00:00:48]} Bd7 {[%clk 01:26:16]} {[%emt 00:04:56]} 9. Bxg7
{[%clk 01:31:07]} {[%emt 00:00:20]} Kxg7 {[%clk 01:26:36]} {[%emt 00:00:10]}
10. Nd5 {[%clk 01:31:09]} {[%emt 00:00:28]} Nxd5 {[%clk 01:23:28]} {[%emt
00:03:38]} 11. Bxd5 {[%clk 01:31:06]} {[%emt 00:00:32]} Qb6 {[%clk 01:20:56]}
{[%emt 00:03:01]} 12. Qc3+ {[%clk 01:31:16]} {[%emt 00:00:20]} Kg8 {[%clk
01:16:09]} {[%emt 00:05:17]} 13. O-O {[%clk 01:27:47]} {[%emt 00:04:00]} Nd4
{[%clk 01:13:49]} {[%emt 00:02:50]} 14. Nxd4 {[%clk 01:26:05]} {[%emt
00:02:12]} cxd4 {[%clk 01:14:07]} {[%emt 00:00:12]} 15. Qd2 {[%clk 01:26:17]}
{[%emt 00:00:18]} Rac8 {[%clk 01:10:40]} {[%emt 00:03:58]} 16. Bb3 {[%clk
01:25:45]} {[%emt 00:01:02]} a5 {[%clk 01:07:41]} {[%emt 00:03:29]} 17. c4
{[%clk 01:25:14]} {[%emt 00:01:02]} dxc3 {[%clk 01:07:32]} {[%emt 00:00:38]}
18. bxc3 {[%clk 01:24:31]} {[%emt 00:01:14]} Qc5 {[%clk 01:02:54]} {[%emt
00:05:07]} 19. c4 {[%clk 01:22:43]} {[%emt 00:02:19]} a4 {[%clk 01:01:07]}
{[%emt 00:02:17]} 20. Bd1 {[%clk 01:19:53]} {[%emt 00:03:20]} b5 {[%clk
01:00:06]} {[%emt 00:01:30]} 21. cxb5 {[%clk 01:19:39]} {[%emt 00:00:45]} Bxb5
{[%clk 00:59:49]} {[%emt 00:00:46]} 22. Be2 {[%clk 01:18:51]} {[%emt 00:01:18]}
Qd4 {[%clk 00:53:54]} {[%emt 00:06:24]} 23. Qa5 {[%clk 01:15:57]} {[%emt
00:03:25]} Bxd3 {[%clk 00:52:05]} {[%emt 00:02:19]} 24. Bxd3 {[%clk 01:16:15]}
{[%emt 00:00:12]} Qxd3 {[%clk 00:51:21]} {[%emt 00:01:13]} 25. Qxa4 {[%clk
01:16:37]} {[%emt 00:00:09]} Rc4 {[%clk 00:50:08]} {[%emt 00:01:42]} 26. Qb5
{[%clk 01:15:40]} {[%emt 00:01:28]} Qxe4 {[%clk 00:46:03]} {[%emt 00:04:33]}
27. Rfe1 {[%clk 01:15:49]} {[%emt 00:00:22]} Qc2 {[%clk 00:45:30]} {[%emt
00:01:02]} 28. Rxe7 {[%clk 01:14:10]} {[%emt 00:02:09]} Qc1+ {[%clk 00:39:41]}
{[%emt 00:06:21]} 29. Re1 {[%clk 01:14:24]} {[%emt 00:00:16]} Qc3 {[%clk
00:36:30]} {[%emt 00:03:40]} 30. h3 {[%clk 01:14:13]} {[%emt 00:00:40]} Rc5
{[%clk 00:35:18]} {[%emt 00:01:43]} 31. Qd7 {[%clk 01:14:08]} {[%emt 00:00:36]}
d5 {[%clk 00:34:25]} {[%emt 00:01:22]} 32. Rac1 {[%clk 01:13:51]} {[%emt
00:00:48]} Qxc1 {[%clk 00:34:36]} {[%emt 00:00:18]} 33. Rxc1 {[%clk 01:14:14]}
{[%emt 00:00:08]} Rxc1+ {[%clk 00:34:52]} {[%emt 00:00:12]} 34. Kh2 {[%clk
01:14:39]} {[%emt 00:00:05]} Rd1 {[%clk 00:33:23]} {[%emt 00:01:59]} 35. Kg3
{[%clk 01:15:00]} {[%emt 00:00:11]} Ra8 {[%clk 00:33:05]} {[%emt 00:00:45]} 36.
Kg4 {[%clk 01:14:57]} {[%emt 00:00:34]} Rxa2 {[%clk 00:32:45]} {[%emt
00:00:49]} 37. Kg5 {[%clk 01:15:17]} {[%emt 00:00:11]} Rxf2 {[%clk 00:30:36]}
{[%emt 00:02:38]} 38. Kh6 {[%clk 01:14:41]} {[%emt 00:01:06]} 1-0